<?xml version="1.0" encoding="UTF-8"?>
<record
    xmlns:xsi="http://www.w3.org/2001/XMLSchema-instance"
    xsi:schemaLocation="http://www.loc.gov/MARC21/slim http://www.loc.gov/standards/marcxml/schema/MARC21slim.xsd"
    xmlns="http://www.loc.gov/MARC21/slim">

  <leader>02859agaaa2200337   4500</leader>
  <controlfield tag="001">1588</controlfield>
  <controlfield tag="003">IT-RoPAU</controlfield>
  <controlfield tag="005">20220918181230.0</controlfield>
  <controlfield tag="007">d cvaizq</controlfield>
  <controlfield tag="008">50131s9999||||xx ||| |     ||   ||und||</controlfield>
  <datafield tag="040" ind1=" " ind2=" ">
    <subfield code="a">IT-RoPAU</subfield>
    <subfield code="c">IT-RoPAU</subfield>
  </datafield>
  <datafield tag="041" ind1=" " ind2=" ">
    <subfield code="a">ITALIANO</subfield>
  </datafield>
  <datafield tag="100" ind1=" " ind2=" ">
    <subfield code="a">Resnais Alain</subfield>
    <subfield code="g">Codice regista SPICS: 2111</subfield>
    <subfield code="9">40357</subfield>
  </datafield>
  <datafield tag="130" ind1=" " ind2=" ">
    <subfield code="a">MON ONCLE D'AMERIQUE - MIO ZIO D'AMERICA</subfield>
    <subfield code="9">40358</subfield>
  </datafield>
  <datafield tag="240" ind1=" " ind2=" ">
    <subfield code="a">MON ONCLE D'AMERIQUE</subfield>
    <subfield code="g">T1719</subfield>
  </datafield>
  <datafield tag="245" ind1=" " ind2=" ">
    <subfield code="a">MON ONCLE D'AMERIQUE - MIO ZIO D'AMERICA</subfield>
    <subfield code="c">Prodotto da: Dussart Philippe -- Sceneggiatura: Gruault Jean -- Diretto da: Resnais Alain</subfield>
    <subfield code="p">MON ONCLE D'AMERIQUE - MIO ZIO D'AMERICA (Rif. Codice opera principale : 21588)</subfield>
  </datafield>
  <datafield tag="246" ind1=" " ind2=" ">
    <subfield code="a">MON ONCLE D'AMERIQUE</subfield>
  </datafield>
  <datafield tag="250" ind1=" " ind2=" ">
    <subfield code="a">Edizione Standard</subfield>
  </datafield>
  <datafield tag="260" ind1=" " ind2=" ">
    <subfield code="a">(FRANCIA)</subfield>
    <subfield code="b">ANDREA FILM - T.F.1 / </subfield>
    <subfield code="g">"1980 (1&#xB0; ed.: 1985 ; Ed. Lingua Orig.: 1980)"</subfield>
  </datafield>
  <datafield tag="300" ind1=" " ind2=" ">
    <subfield code="a">VHS</subfield>
    <subfield code="b">sonoro, col.</subfield>
    <subfield code="c">125 minuti</subfield>
  </datafield>
  <datafield tag="508" ind1=" " ind2=" ">
    <subfield code="a">"Fotografia: Vierny Sacha; Montaggio: Jurgenson Albert; Musica: Dzierlatka Arie; Sceneggiatura: Gruault Jean; "</subfield>
  </datafield>
  <datafield tag="511" ind1=" " ind2=" ">
    <subfield code="a">"Depardieu Gerard; Garcia Nicole; Pierre Roger; Dubois Marie; Borgeaud Nelly; Arditi "</subfield>
  </datafield>
  <datafield tag="520" ind1=" " ind2=" ">
    <subfield code="a">NEL FILM S'INTRECCIANO LE VICENDE DI TRE PROTAGONISTI JEAN LE GALL CHE PROVIENE DA UNA FAMIGLIA BORGHESE E' SPOSATO HA DUE FIGLI E' DIRIGENTE ALLA TELEVISIONE FRANCESE DI STATO HA AMBIZIONI SAGGISTICHE VIENE ESTROMESSO DALL'UFFICIO CONVIVE PER QUALCHE TEMPO CON JANINE JANINE GARNIER VIENE DA UNA FAMIGLIA OPERAIA E' COMUNISTA FUGGE DI CASA PER FARE L'ATTRICE POI PASSA A FARE LA STILISTA IN UNA FABBRICA TESSILE CHE LA METTE IN CONTATTO CON RENE' CATTOLICO PRATICANTE COME LA FAMIGLIA DI CONTADINI DA CUI PROVIENE PER QUANTO SI AGITINO E SI SFORZINO DI CAPIRE I TRE NON RIESCONO A DARSI CONTO DEI PROPRI COMPORTAMENTI SONO INFATTI DEI PERSONAGGI CAVIE A SPIEGARCELO INTERVIENE FREQUENTEMENTE IN VOCE FUORI CAMPO O IN IMMAGINE LO STESSO HENRI LABORIT ALLE CUI IDEE SI E' RIFATTO RESNAIS PER IL SUO FILM LABORIT MEDICO CHIRURGO E RICERCATORE BIOLOGICO SPIEGA I COMPORTAMENTI UMANI COSI': NON DIVERSAMENTE DAGLI ANIMALI L'UOMO E' DETERMINATO DALLA STRUTTURA BIOLOGICA E AMBIENTALE E DAGLI APPRENDIMENTI DEI PRIMI TRE ANNI UNICHE REAZIONI VITALI: LA LOTTA E LA FUGA NELL'IMPOSSIBILITA' SI RICORRE ALL'INIBIZIONE CHE CREA BLOCCO-ANGOSCIA DA CUI DERIVANO ULCERA CANCRO FOLLIA MORTE TUTTO CIO' E' RESO FILMICAMENTE OLTRE CHE DALLE SITUAZIONI DAL CONTINUO RIFERIMENTO AI COMPORTAMENTI DEI TOPI E DA FREQUENTI INSERTI DEI FILM PIU' FAMILIARI AI PROTAGONISTI</subfield>
  </datafield>
  <datafield tag="538" ind1=" " ind2=" ">
    <subfield code="a">PAL, STEREO</subfield>
  </datafield>
  <datafield tag="546" ind1=" " ind2=" ">
    <subfield code="a">ITALIANO</subfield>
  </datafield>
  <datafield tag="650" ind1=" " ind2=" ">
    <subfield code="a">DOCUMENTARIO</subfield>
    <subfield code="e">FILMS [VHS]</subfield>
    <subfield code="x">Codice MATERIA SPICS: 9960</subfield>
    <subfield code="9">34095</subfield>
  </datafield>
  <datafield tag="700" ind1=" " ind2=" ">
    <subfield code="a">Dzierlatka Arie</subfield>
    <subfield code="e">(musica)</subfield>
    <subfield code="g">Codice Musica SPICS: 29791</subfield>
    <subfield code="9">40359</subfield>
  </datafield>
  <datafield tag="700" ind1=" " ind2=" ">
    <subfield code="a">Laborit Henri </subfield>
    <subfield code="e">(soggetto)</subfield>
    <subfield code="g">Codice Soggetto SPICS: 3436</subfield>
    <subfield code="9">40360</subfield>
  </datafield>
  <datafield tag="700" ind1=" " ind2=" ">
    <subfield code="a">Resnais Alain </subfield>
    <subfield code="e">(regista)</subfield>
    <subfield code="g">Codice regista SPICS: 2111</subfield>
    <subfield code="9">40361</subfield>
  </datafield>
  <datafield tag="942" ind1=" " ind2=" ">
    <subfield code="c">VH</subfield>
    <subfield code="2">ddc</subfield>
  </datafield>
  <datafield tag="999" ind1=" " ind2=" ">
    <subfield code="c">105253</subfield>
    <subfield code="d">105253</subfield>
  </datafield>
  <datafield tag="952" ind1=" " ind2=" ">
    <subfield code="0">0</subfield>
    <subfield code="1">0</subfield>
    <subfield code="4">0</subfield>
    <subfield code="6">21588_000000000000000</subfield>
    <subfield code="7">1</subfield>
    <subfield code="a">SPICS</subfield>
    <subfield code="b">SPICS</subfield>
    <subfield code="d">2015-01-31</subfield>
    <subfield code="l">0</subfield>
    <subfield code="o">21588</subfield>
    <subfield code="r">2015-01-31 00:00:00</subfield>
    <subfield code="w">2015-01-31</subfield>
    <subfield code="y">VH</subfield>
    <subfield code="z">Progr. Ins.: 1384 / N.Vol.:1 / Copie: 2 / Pag.: / Copia rara: n.d. / date import: 1.2.2015 / By Epidotti, Trombetti, Vaglietti</subfield>
  </datafield>
</record>
